Faculty of Law Library — Cairo University

Official Online Catalog

Correspondence Relating To The Conference On Bills Of Exchange At The Hague, June 1910 . (Record no. 58244)

MARC details
000 -LEADER
fixed length control field 01090nam a2200301 i 4500
003 - CONTROL NUMBER IDENTIFIER
control field EG-GICUC
005 - DATE AND TIME OF LATEST TRANSACTION
control field 20260416172557.0
008 - FIXED-LENGTH DATA ELEMENTS--GENERAL INFORMATION
fixed length control field 260120s1910 enk||||fr|||| 100 0 eng d
040 ## - CATALOGING SOURCE
Original cataloging agency EG-GICUC
Language of cataloging eng
Transcribing agency EG-GICUC
Modifying agency EG-GICUC
Description conventions rda
041 0# - LANGUAGE CODE
Language code of text/sound track or separate title eng
082 04 - DEWEY DECIMAL CLASSIFICATION NUMBER
Edition number 21
Classification number 347.51492305
Item number C O . C
092 04 - LOCALLY ASSIGNED DEWEY CALL NUMBER (OCLC)
Edition number 21
099 ## - LOCAL FREE-TEXT CALL NUMBER (OCLC)
Classification number Law1 11 347.51492305 C O . C 1910
111 1# - MAIN ENTRY--MEETING NAME
Meeting name or jurisdiction name as entry element Conference On Bills Of Exchange,
Date of meeting or treaty signing June 1910,
Location of meeting The Hague.
Relator term Author.
245 10 - TITLE STATEMENT
Title Correspondence Relating To The Conference On Bills Of Exchange At The Hague, June 1910 .
264 #1 - PRODUCTION, PUBLICATION, DISTRIBUTION, MANUFACTURE, AND COPYRIGHT NOTICE
Place of production, publication, distribution, manufacture London :
Name of producer, publisher, distributor, manufacturer His Majesty's Stationery Office,
Date of production, publication, distribution, manufacture, or copyright notice 1910.
300 ## - PHYSICAL DESCRIPTION
Extent 149 Pages ;
Dimensions 27 cm.
336 ## - CONTENT TYPE
Source rda content
Content type term text
337 ## - MEDIA TYPE
Source rda media
Media type term Computer
338 ## - CARRIER TYPE
Source rda carrier
Carrier type term Online Resource
500 ## - GENERAL NOTE
General note Presented To Both Houses Of Parliament By Command Of His Majesty. October 1910.
546 ## - LANGUAGE NOTE
Language note النص باللغة الإنجليزية
650 1# - SUBJECT ADDED ENTRY--TOPICAL TERM
Topical term or geographic name entry element Commercial law
Source of heading or term qrmak
651 1# - SUBJECT ADDED ENTRY--GEOGRAPHIC NAME
Source of heading or term qrmak
856 40 - ELECTRONIC LOCATION AND ACCESS
Uniform Resource Identifier <a href="https://fll.law.cu.edu.eg/fulltext/bks/B13-08962.pdf">https://fll.law.cu.edu.eg/fulltext/bks/B13-08962.pdf</a>
905 ## - Cataloger and Reviser Names
Cataloger Name: Omar
942 ## - ADDED ENTRY ELEMENTS (KOHA)
Source of classification or shelving scheme Dewey Decimal Classification
Koha item type Books
Edition 21
Suppress in OPAC No
Holdings
Withdrawn status Lost status Source of classification or shelving scheme Damaged status Not for loan Collection Home library Current library Date acquired Total checkouts Full call number Barcode Date last seen Copy number Price effective from Koha item type
    Dewey Decimal Classification   Not for loan القانون التجاري جــــامعة القــاهرة مكتبة كلية الحقوق - المبنى الرئيسي 20.01.2026   Law1 11 346.77492305 C O . C 1910 1308962 C1 B13-08962 20.01.2026 1 20.01.2026 Books
    Dewey Decimal Classification     المالية العامة والتشريع الضريبي جــــامعة القــاهرة مكتبة كلية الحقوق - المبنى الرئيسي 12.03.2026   Law1 11 346.77492305 C O . C 1910 1308606 C2 B13-08606 12.03.2026 2 12.03.2026 Books

© All rights reserved — Faculty of Law, Cairo University